Les Principaux Dictateurs / Tyrans - Statistiques

Statistiques générales
  • Ce quiz a été pris 735 fois
  • Le résultat moyen est 10 sur 14
Statistiques - réponses
Pays Parti Date de Mort Dictateur / Tyran % Correct
Allemagne Nazi 1945 Adolf Hitler
100%
URSS Communiste 1953 Joseph Staline
99%
URSS Communiste 1924 Vladimir Ilitch Lénine
92%
Russie Indéfinis Vivant Vladimir Poutine
90%
Italie Fasciste 1945 Benito Mussolini
89%
Espagne Franquiste 1975 Francisco Franco
88%
Corée du Nord Parti du travail de Corée Vivant Kim Jong-Un
81%
Chine Communiste chinois 1976 Mao Zedong
67%
Syrie Baas Vivant Bachar el-Assad
64%
Irak Baas 2006 Saddam Hussein
64%
Chili Indéfinis 2006 Augusto Pinochet
60%
Israël Likoud (National-Conservateur) Vivant Benyamin Netanyahou
60%
Portugal Union nationale 1970 António de Oliveira Salazar
47%
Japon Indéfinis 1989 Hirohito
46%
Aucun quiz correspondant
Distribution des résultats
% des personnes avec chaque résultat
Percentile par nombre de réponses
Votre historique - résultats
Vous n’avez pas pris ce quiz